000 00741nam a22002057a 4500
999 _c1017
_d1017
003 AR-CdUCM
008 190226b ||||| |||| 00| 0 spa d
020 _a8472323536
040 _aMUNICIPALIDAD PROVINCIAL DEL CUSCO
_cBIBLIOTECA MUNICIPAL DEL CUSCO
082 _a869.813 /
_bP86
100 _aPrieto, Ricardo
_93963
245 _aEl desayuno durante la noche :
_bdrama en II actos /
260 _aMadrid :
_bEdiciones Cultura Hispánica,
_c1985.
300 _a65 páginas ;
_c22 cm.
500 _aDrama en II actos ganador del IX Premio Tirso de Molina entregado por el Centro Iberoamericano de Cooperación de España.
650 _aTeatro uruguayo
_93964
650 _aTeatro siglo XX
_92960
942 _2ddc
_cLIBROS
945 _azta